Registro de lectores de la Biblioteca General de la Universidad Benito Juárez, Oaxaca, julio de 1978

Detalles Bibliográficos
Formato: Libro
Lenguaje:Spanish
Publicado: Oaxaca : s.n., 1978.
Materias:
Colección:Banco de datos
Acervo:Universidad Autónoma Benito Juárez de Oaxaca. Biblioteca Francisco de Burgoa. Colección moderna
Descripción Física:480 p., [1] h. ; 32.5 cm.
Tema general:Administración
Notas:Portada manuscrita. Texto a cuatro columnas con foliación en tinta. Encuadernación en cartón con lomo y orillas en tela. Daños en la encuadernación, tapa superior desprendida
LEADER 00788nam a22001570004500
035 |a 1582 
041 0 |a spa 
245 1 0 |a Registro de lectores de la Biblioteca General de la Universidad Benito Juárez, Oaxaca, julio de 1978 
260 |a Oaxaca : s.n., 1978. 
300 |a 480 p., [1] h. ; 32.5 cm.  
500 |a Portada manuscrita. Texto a cuatro columnas con foliación en tinta. Encuadernación en cartón con lomo y orillas en tela. Daños en la encuadernación, tapa superior desprendida 
650 1 0 |a Administración 
852 |a Universidad Autónoma "Benito Juárez" de Oaxaca, Biblioteca Francisco de Burgoa, Colección moderna 22951 
942 |c BURMOD 
943 |g Universidad Autónoma Benito Juárez de Oaxaca. Biblioteca Francisco de Burgoa. Colección moderna 
999 |c 1126025  |d 1126025